Aliens by Picture - Statistics

General Stats
  • This quiz has been taken 852 times
  • The average score is 16 of 32
Answer Stats
Picture Answer % Correct
E.T.
99%
Superman
99%
Yoda
98%
Chewbacca
95%
Spock
93%
Stitch
86%
Predator
85%
Groot
84%
Thanos
77%
Venom
72%
ALF
69%
Optimus Prime
67%
The Doctor
64%
Megamind
61%
Marvin the Martian
55%
Xenomorph
51%
Gonzo
44%
Dr. Zoidberg
39%
The Thing
33%
Worf
33%
Martian Manhunter
32%
Little Green Men
27%
Jake Sully
24%
Kang & Kodos
24%
Zim
23%
Q
22%
Krang
20%
Super-Skrull
16%
Audrey II
15%
King Ghidorah
12%
Edgar the Bug
6%
Gort
5%
No matching quizzes found
Score Distribution
Percent of People with Each Score
Percentile by Number Answered
Your Score History
You have not taken this quiz